000 00585nam a2200241Ia 4500
008 190123s9999 xx 000 0 und d
020 _a9780439623070
050 _bW785 2009
100 _aWinter, Jonah
245 0 _aPeaceful heroes /
245 0 _cby Jonah Winter ; illustrated by Sean Addy.
260 _aNew York, New York :
260 _bScholastic,
260 _c2009
300 _a56 pages :
300 _bcolored illustrations ;
300 _c26cm.
500 _a1050L
650 _aHeroes.
650 _aPeace.
700 _aAddy, Sean.
700 _aTitle.
999 _c361126
_d361126